Návrh a implementácia PLC riadenia výrobnej haly

Gespeichert in:
Bibliographische Detailangaben
1. Verfasser: Gužiňák, Dávid (Verfasst von)
Weitere Verfasser: Noga, Marek (Betreuung Doktorarbeit)
Format: Manuskript Buch
Sprache:Slowakisch
Veröffentlicht: 2022
Schlagworte:
Online-Zugang:http://is.stuba.sk/zp/portal_zp.pl?podrobnosti=157315
Tags: Tag hinzufügen
Keine Tags, Fügen Sie das erste Tag hinzu!

MARC

LEADER 00000ntm a22000003a 4500
001 stuzp88891
003 SK-STU
005 20240411135437.0
007 ta
008 150427s2015----xo-----f-mn---000-0-slo-d
040 |a STU  |b slo 
041 0 |a slo 
100 1 |a Gužiňák, Dávid  |u 020020  |4 aut  |U SjF Strojnícka fakulta  |T SjF Ústav automatizácie, merania a aplikovanej informatiky  |X 105017  |U J0020  |Y 802  |7 105017 
242 0 1 |a Design and implementation of PLC control of the production hall  |y eng 
245 1 0 |a Návrh a implementácia PLC riadenia výrobnej haly 
260 |c 2022 
650 4 |a DALI  |2 slo 
650 4 |a PLC riadenie haly  |2 slo 
650 4 |a návrh osvetlenia  |2 slo 
650 4 |a PLC hall control  |2 eng 
650 4 |a DALI  |2 eng 
650 4 |a lighting design  |2 eng 
700 1 |a Noga, Marek  |u 020020  |k Z3  |4 ths  |U SjF Strojnícka fakulta  |T SjF Ústav automatizácie, merania a aplikovanej informatiky  |X 87583  |U J0020  |Y 802  |7 87583 
856 4 |u http://is.stuba.sk/zp/portal_zp.pl?podrobnosti=157315 
996 |b 284J047485  |c J* 3607/DBP  |l JJSK  |s A  |a 24  |w stuzp88891_0001